| 000 | 00354nam a22001097a 4500 | ||
|---|---|---|---|
| 020 | _a978-1032308173 | ||
| 082 |
_a658.4013 _bPER |
||
| 245 |
_aPerformance Management Systems : A Global Perspective / _cEdited by Arup Varma, Pawan S. Budhwar and Angelo DeNisi. |
||
| 260 |
_aNew York, NY : _bRoutledge, _c2023. |
||
| 300 | _axix, 386p. : | ||
| 942 |
_2ddc _cBK |
||
| 999 |
_c613548 _d613548 |
||